Úvod

Na minha lista:
Detalhes bibliográficos
Autor principal: Kašťáková, Elena, 1974-
Formato: Capítulo de Livro
Idioma:eslovaco
Tags: Adicionar Tag
Sem tags, seja o primeiro a adicionar uma tag!

MARC

LEADER 00000naa$a2200000$$$4500
001 0250289
005 20240502074017.6
041 0 |a slo 
044 |a SK 
245 1 0 |a Úvod  |c Elena Kašťáková 
100 1 |a Kašťáková, Elena, 1974-